Les vraies richesses

Đã lưu trong:
Sonraí Bibleagrafaíochta
Príomhúdar: Giono, Jean
Formáid: Leabhar
Teanga:Undetermined
Foilsithe: Paris Bernard Grasset 1937
Ábhair:
Clibeanna: Cuir Clib Leis
Gan Chlibeanna, Bí ar an gcéad duine leis an taifead seo a chlibeáil!
Thư viện lưu trữ: Trung tâm Học liệu Trường Đại học Cần Thơ
LEADER 00477nam a2200181Ia 4500
001 CTU_237617
008 210402s9999 xx 000 0 und d
082 |a 843.912 
082 |b G496 
100 |a Giono, Jean 
245 0 |a Les vraies richesses 
245 0 |c Jean Giono 
260 |a Paris 
260 |b Bernard Grasset 
260 |c 1937 
650 |a Tiểu thuyết Pháp,French fiction 
910 |b nthai 
980 |a Trung tâm Học liệu Trường Đại học Cần Thơ